El enfermo terminal, un gran dilema para el médico de hoy
Сохранить в:
| Главный автор: | |
|---|---|
| Формат: | |
| Язык: | испанский |
| Опубликовано: |
Valparaíso
Universidad de Valparaíso, Escuela de Medicina
1985
|
| Серии: | Cuadernos Médicos
|
| Предметы: | |
| Метки: |
Добавить метку
Нет меток, Требуется 1-ая метка записи!
|
MARC
| LEADER | 00000nam a2200000 a 4500 | ||
|---|---|---|---|
| 001 | UCW7431 | ||
| 003 | CL-VaPUC | ||
| 008 | 921211e19850000CL |||||||||||||||||spa|d | ||
| 082 | 0 | 4 | |a 610.696 |b MUN |2 21 |
| 100 | |a Mundt F., Ernesto |e autor |9 312575 | ||
| 245 | 1 | 3 | |a El enfermo terminal, un gran dilema para el médico de hoy |
| 300 | |a 29 p | ||
| 942 | |c BK | ||
| 945 | |d 19921211 00:00:00 | ||
| 260 | |a Valparaíso |b Universidad de Valparaíso, Escuela de Medicina |c 1985 | ||
| 650 | 7 | |a MEDICO Y PACIENTE |2 CL-VaPUC |9 312576 | |
| 583 | |a last modification |c 19921211 00:00:00 |k Rodrigo Vera | ||
| 490 | 0 | |a Cuadernos Médicos | |
| 999 | |c 220186 |d 220184 | ||
| 952 | |0 0 |1 0 |4 0 |6 610_696000000000000_MUN_1985 |7 0 |8 P |9 212095 |a BIBEDU |b BIBEDU |c BIBEDU_PB |d 2019-11-15 |i 2803356 |o 610.696 MUN 1985 |p 2803356 |r 2024-01-25 |w 2019-11-15 |y BK |k EDU | ||